000 01055namaa22003131i 4500
003 EG-GICUC
005 20260501175149.0
008 260430s2008 caua|||jr|||| 001 0 eng d
020 _a97815900599556
040 _aEG-GiCUC
_beng
_cEG-GiCUC
_dEG-GiCUC
_erda
082 0 4 _221
_a005.268
_bM1457
092 0 4 _221
_a00268
_bM1457
099 _a005.268 M1457
100 1 _aMacDonald, Matthew
_eمؤلف.
245 1 0 _aPro WPF in C# 2008 :
_bWindows presentation Foundation with .NET 3.5 /
_cMatthew MacDonald
250 _aSecond edition
264 _a New York :
_bApress,
_c2010.
300 _a1040 صفحة
_b؛ Illustrations
_c24 سم
336 _2rdacontent
_atext
337 _2rdamedia
_aUnmediated
338 _2rdacarrier
_avolume
504 _aBibliography: pages 983-1040.
541 _aوزارة الثقافة ؛
_bالقاهرة ؛
_cإهداء ؛
_d2023.
650 1 0 _aApplication software
_xDevelopment
700 1 _aMatt Moodie
_eCompiler.
700 1 _aChristophe Nasarre
_eReviewer.
905 _aSamah
942 _2ddc
_cBK
_e21
_n0
999 _c179865
_d179865